Music Quiz

Random Music or Clickable Quiz

10-to-1 Sorting Gallery: Broadway Musicals Quiz Stats

 Plays Quiz not verified by Sporcle

Challenge
Share
Tweet
Embed
Score 0/55 Timer 06:00
0 Plays Today
% Correct
If I Were A Rich Man
85.4%
Cell Block Tango
78.4%
All That Jazz
78.4%
Matchmaker, Matchmaker
77.1%
Maria
76.9%
Chavaleh
76.3%
The Music Of The Night
76%
Anatevka
75.5%
America
75%
Sabbath Prayer
70.2%
Roxie
69.3%
I Feel Pretty
69.3%
Jet Song
68%
All I Ask Of You
67.6%
When Velma Takes The Stand
67.1%
We Both Reached For The Gun
66.5%
Tradition
66.5%
The Rain In Spain
65.1%
Sunrise Sunset
64.4%
Seventy-Six Trombones
63.6%
I Could Have Danced All Night
63.5%
Food, Glorious Food
63%
Tonight
62.7%
Think Of Me
61%
Willkommen
58.9%
When You're Good To Mama
56.9%
Wouldn't It Be Loverly
55.7%
The Point Of No Return
54.6%
% Correct
To Life
54%
Some Enchanted Evening
52%
The Money Song
48.3%
Something's Coming
47.9%
Far From The Home I Love
47.8%
Prima Donna
47.8%
I'm In Love With A Wonderful Guy
46.4%
Cool
46.3%
One Hand One Heart
46.3%
Do You Love Me?
45.4%
There Is Nothing Like A Dame
44.3%
Don't Tell Mama
42.5%
Tomorrow Belongs To Me
41.1%
If Momma Was Married
41.1%
Shipoopi
39.4%
Bloody Mary
39.1%
Happy Talk
38.5%
Two Ladies
38.4%
Funny Honey
38.4%
Let Me Entertain You
38.3%
It Couldn't Please Me More
35.5%
Perfectly Marvelous
34.8%
Why So Silent
33.3%
Just You Wait
30.9%
Telephone Song
30.7%
So What?
30.6%
Little Lamb
22.2%

You're not logged in!

Compare scores with friends on all Sporcle quizzes.
OR
Log In

You Might Also Like...

Show Comments

Extras

Top Quizzes Today


Score Distribution

Your Account Isn't Verified!

In order to create a playlist on Sporcle, you need to verify the email address you used during registration. Go to your Sporcle Settings to finish the process.

Report this User

Report this user for behavior that violates our Community Guidelines.

Details: